Logo BPK

Biblioteka

Politechniki Koszalińskiej

Successful writing : (Rekord nr 33850)

Szczegóły MARC
000 -ETYKIETA REKORDU
podpole kontrolne o stałej długości 00617nam a2200229 i 4500
001 - NUMER KONTROLNY REKORDU
pole kontrolne bg
020 ## - MIĘDZYNARODOWY ZNORMALIZOWANY NUMER KSIĄŻKI - ISBN
ISBN 9603611077
040 ## - ŹRÓDŁO KATALOGOWANIA
Instytucja, która utworzyła rekord BPK
041 0# - KOD JĘZYKA
Kod języka tekstu en
080 ## - UNIWERSALNA KLASYFIKACJA DZIESIĘTNA - UKD
UKD 811.111'35(07)
920 ## - Międzynarodowy znormalizowany numer książki – ISBN
ISBN 960-361-107-7
008 - POLE O STAŁEJ DŁUGOŚCI - DANE KONTROLNE
podpole kontrolne o stałej długości s pl f |000 0 pol
100 1# - NAZWA OSOBOWA
Nazwa osobowa EVANS, Virginia
245 10 - TYTUŁ/ODPOWIEDZIALNOŚĆ
Tytuł Successful writing :
Ciąg dalszy tytułu upper-intermediate : teacher's book /
Pozostałe elementy strefy tytułu i oznaczenia odpowiedzialności Virginia Evans.
250 ## - STREFA WYDANIA
Oznaczenie wydania 2nd impr.
260 ## - STREFA ADRESU WYDAWNICZEGO
Miejsce wydania Swansea :
Nazwa wydawcy/dystrybutora Express Publ.,
Data publikacji, dystrybucji/powstania dokumentu 1998.
300 ## - STREFA OPISU FIZYCZNEGO
Objętość 83 s. ;
Rozmiary 27 cm.
650 #9 - HASŁO PRZEDMIOTOWE W FORMIE NAZWY OGÓLNEJ LUB JEDNOSTKOWEJ
Nazwa ogólna lub geograficzna Język angielski
Określnik ogólny pisownia
650 #9 - HASŁO PRZEDMIOTOWE W FORMIE NAZWY OGÓLNEJ LUB JEDNOSTKOWEJ
Nazwa ogólna lub geograficzna Język angielski
Określnik ogólny nauczanie
655 ## - TERMIN INDEKSOWY - OKREŚLENIE RODZAJU/FORMY DOKUMENTU
Określenie rodzaju/formy dokumentu Podręczniki
942 ## - DODATKOWE ELEMENTY (KOHA)
Typ dokumentu Książka
Egzemplarze
Wycofany Status egzemplarza Uszkodzony Dostępność Lokalizacja stała Lokalizacja bieżąca Miejsce przechowywania Sygnatura Kod kreskowy Typ dokumentu
      Tylko na miejscu Biblioteka Politechniki Koszalińskiej Biblioteka Politechniki Koszalińskiej Czytelnia Wydziałowa ul. Kwiatkowskiego 6e 45484 01366143 Książka
© 2023 Biblioteka Politechniki Koszalińskiej :: KOHA